LEADER 00939nam a2200229 i 4500 001 000000175335 003 CaOOAMICUS 005 20081031000000.0 008 081031s1956 it u000 u ita u 013 $a152812 040 $aSeMil$bita 100 1 $aStella, Luigia Achillea.$0(OLS)http://semarc/name/64794 245 10$aMitologia greca /$cLuigia Achillea Stella. 260 $aTorino :$bUnione Tipografico-Editrice Torinese,$cstampa 1956. 300 $aXX, 867 p., [18] p. di tav. :$bill. ;$c27 cm. 490 0 $aCollana mitologica 650 4$aMitologia greca.$0(OLS)http://semarc/subject/2512 830 0$aCollana mitologica.$0(OLS)http://semarc/title/26632 850 $aSeMil 852 $aSeMil$W1$xVenegono$y1$m1X IV 76$j126158$B126158$CSeMilBibl$Z2$F136865 $81 996 $6245$aMitologia greca$9(OLS)http://semarc/title/251463 996 $6260$aTorino :$bUnione Tipografico-Editrice Torinese$9(OLS)http://semarc/publisher/29628 LEADER 00814nam a2200193 i 4500 001 000000234618 003 CaOOAMICUS 005 20141017000000.0 008 141017s1781 it u000 u ita u 013 $a213521 026 $auas- i-I. iin- zaQu (3) 1781 (R) 040 $aSeMil$bita 245 10$aDall'anno 1495 al 1505. 300 $a368 p. 500 $aSegn. : A-Z8. 773 0 $aFleury, Claude <1640-1723>$tStoria ecclesiastica di monsignor Claudio Fleury tradotta dal francese a Sua Eccellenza Carlo conte e signore De Firmian ... Tomo 1. [-63.].$dSiena : Dalle stampe di Vincenzo Pazzini Carli, e Figli, 1776-1792.$g40$w()30721 850 $aSeMil 852 $aSeMil$W1$xVenegono$y1$m3B I 40 FA$j184964$B184964$CSeMilBibl$Z2$F195898 $8I 996 $6245$aDall'anno 1495 al 1505$9(OLS)http://semarc/title/334796